00358pab a2200133 454500008004000000100001700040245006400057260000900121300001400130362000800144650002700152650002000179773002500199180718b2003 xxu||||| |||| 00| 0 eng d aArce, Moises aThe sustainability of economic reform in a most likely case c2003 ap.335-54. aApr aEconomic reform - Peru aEconomic reform aComparative Politics